De quel Disney/Pixar vient ce royaume - Statistiques

Statistiques générales
  • Ce quiz a été pris 87 fois
  • Le résultat moyen est 13 sur 16
Statistiques - réponses
Par images Réponse % Correct
la reine des neiges
100%
le roi lion
99%
aladdin
97%
mulan
96%
raiponce
93%
la belle au bois dormant
90%
la petite sirene
87%
hercule
84%
cendrillon
83%
rebelle
81%
blanche neige
78%
alice au pays des merveilles
77%
la belle et la bete
77%
kuzco
74%
la princesse et la grenouille
62%
le magicien d'oz
38%
Aucun quiz correspondant
Distribution des résultats
% des personnes avec chaque résultat
Percentile par nombre de réponses
Votre historique - résultats
Vous n’avez pas pris ce quiz